Matemática I : (Record no. 12213)
[ view plain ]
| 000 -CABECERA | |
|---|---|
| campo de control de longitud fija | 01611nam a2200229 a 4500 |
| 001 - NÚMERO DE CONTROL | |
| campo de control | 000012558 |
| 005 - FECHA Y HORA DE LA ÚLTIMA TRANSACCIÓN | |
| campo de control | 20240826124700.0 |
| 008 - DATOS DE LONGITUD FIJA--INFORMACIÓN GENERAL | |
| campo de control de longitud fija | 091130s200u dr acd 000 0 spa d |
| 040 ## - FUENTE DE LA CATALOGACIÓN | |
| Centro catalogador/agencia de origen | DO-SdBNP |
| Lengua de catalogación | spa |
| Centro/agencia transcriptor | BNPHU |
| 082 ## - NÚMERO DE LA CLASIFICACIÓN DECIMAL DEWEY | |
| Número de clasificación | xxxx |
| Número de documento/Ítem | xxxx |
| 100 ## - ENTRADA PRINCIPAL--NOMBRE DE PERSONA | |
| Nombre de persona | Peña Geraldino, Rafael |
| 9 (RLIN) | 1257 |
| 245 10 - MENCIÓN DE TÍTULO | |
| Título | Matemática I : |
| Resto del título | educación media / |
| Mención de responsabilidad, etc. | Rafael Peña Geraldino ; coodinación general, asesoria y edición José Molinaza ; presentación Alejandrina Germán. |
| 250 ## - MENCIÓN DE EDICIÓN | |
| Mención de edición | 2a. ed. |
| 260 ## - PUBLICACIÓN, DISTRIBUCIÓN, ETC. | |
| Lugar de publicación, distribución, etc. | Santo Domingo : |
| Nombre del editor, distribuidor, etc. | SEE |
| -- | Alfa & Omega, |
| Fecha de publicación, distribución, etc. | [200-]. |
| 300 ## - DESCRIPCIÓN FÍSICA | |
| Extensión | 227 p. : |
| Otras características físicas | il., retrs., diagr. ; |
| Dimensiones | 28 cm. |
| 500 ## - NOTA GENERAL | |
| Nota general | Gestión educativa 2004-2008 |
| 500 ## - NOTA GENERAL | |
| Nota general | Educación media. Primer grado / Primer ciclo |
| 504 ## - NOTA DE BIBLIOGRAFÍA, ETC. | |
| Nota de bibliografía, etc. | Incluye referencias bibliográficas y notas al pie de las páginas |
| 505 0# - NOTA DE CONTENIDO CON FORMATO | |
| Información miscelánea | Capítulo I -- |
| Título | Logíca -- |
| Información miscelánea | Capítulo II -- |
| Título | Conjuntos |
| -- | Operaciones de conjuntos -- |
| Información miscelánea | Capítulo III -- |
| Título | Conceptos algebraicos -- |
| -- | Operaciones algebraicas -- |
| -- | Productos notables -- |
| -- | Cocientes notables -- |
| Información miscelánea | Capítulo IV -- |
| Título | Factorización -- |
| -- | Potenciación -- |
| -- | Radicación -- |
| Información miscelánea | Capítulo V -- |
| Título | Máximo común divisor -- |
| -- | Mínimo común múltiplo -- |
| -- | Fracciones algebraicas -- |
| Información miscelánea | Capítulo VI -- |
| Título | Conjuntos numéricos -- |
| -- | Intervalos -- |
| -- | Desigualdades -- |
| -- | Valor absoluto -- |
| Información miscelánea | Capítulo VII -- |
| Título | Elementos geométricos -- |
| -- | Recta -- |
| -- | Plano -- |
| -- | Ángulo -- |
| Información miscelánea | Capítulo VIII -- |
| Título | Ecuaciones -- |
| -- | Inecuaciones -- |
| Información miscelánea | Capítulo IX -- |
| Título | Números imaginarios -- |
| -- | Números complejos -- |
| Información miscelánea | Capítulo X -- |
| Título | Estadísticas -- |
| -- | Probabilidades -- |
| 700 1# - PUNTO DE ACCESO ADICIONAL--NOMBRE DE PERSONA | |
| Nombre de persona | Molinaza, José, |
| Término indicativo de función/relación | coord., ed. |
| 9 (RLIN) | 25720 |
| 710 1# - PUNTO DE ACCESO ADICIONAL--NOMBRE DE ENTIDAD CORPORATIVA | |
| Nombre de entidad corporativa o nombre de jurisdicción como elemento de entrada | Secretaría de Estado de Educación |
| 9 (RLIN) | 12759 |
| Estado de retiro | Estado de pérdida | No para préstamo | Código de colección | Localización permanente | Ubicación/localización actual | Ubicación en estantería | Fecha de adquisición | Número de inventario | Total de préstamos | Signatura topográfica completa | Código de barras | Fecha visto por última vez | Precio válido a partir de | Tipo de ítem Koha |
|---|---|---|---|---|---|---|---|---|---|---|---|---|---|---|
| Excluido de préstamo | Patrimonio Dominicano | Patrimonio Dominicano | Patrimonio Dominicano | En catalogación | 13.11.2009 | LF1 | xxxx xxxx | 12558-10 | 25.06.2020 | 25.06.2020 | Libro y Folleto Colección Patrimonio Dominicano | |||
| Patrimonio Dominicano | Patrimonio Dominicano | Patrimonio Dominicano | Orden iniciada | 07.07.2015 | LF1 | xxxx xxxx | 12558-20 | 25.06.2020 | 25.06.2020 | Libro y Folleto Colección Patrimonio Dominicano |
